| 000 | 00692nam a2200205Ia 4500 | ||
|---|---|---|---|
| 005 | 20260114154736.0 | ||
| 008 | 008 250103s9999 xx 000 0 eng d | ||
| 037 | _aTheses | ||
| 040 |
_aCRL _beng _cCRL |
||
| 041 |
_aeng _2eng |
||
| 084 | _qCRL | ||
| 100 |
_aNyodu Mizum Au. _9865257 |
||
| 245 | 0 | _aComparative study of formal criminal justice system and customary criminal justice system of North East States: a socio-legal study of selected tribes in North East | |
| 260 |
_aDelhi _bUniversity of Delhi. Faculty of Law. Department of Law _c2022 |
||
| 300 | _a300p. | ||
| 650 |
_aLaw _9865258 |
||
| 700 |
_a Deshwal Vageshwari Gu. _9865259 |
||
| 942 | _cTH | ||
| 999 |
_c1467969 _d1467969 |
||